Представление документа в формате RUSMARC

ПолеНазваниеЗначение
  Тип записи a
  Библиографический уровень m
001 Контрольный номер RU/CBS_UL/BASE/651840429
005 Дата корректировки 20240209174921.4
010 Индекс ISBN __
a ISBN 978-5-8243-1338-3
b Уточнения в пер.
d Цена 13 р. 92 к.
9 Тираж 1 000 экз.
100 Данные общей обработки __
a Данные общей обработки 20200827d2020 ||| 0rusy0189 ca
101 Язык документа 0_
a Язык текста rus
102 Страна публикации __
a Страна публикации RU
105 Кодированные данные (монография) __
a Кодированные данные (монография) y###||||000|y
181 Поле кодированных данных: вид содержания _1
a Код вида содержания (ISBD) i#
b Код характеристики содержания (ISBD) #xxe##
d i
g x
h x
i e
2 Код системы (источник кода, отличный от ISBD) isbdcontent
182 Поле кодированных данных: тип средства _1
a Код типа средства (ISBD) n
2 Код системы (источник кода, отличный от ISBD) isbdmedia
200 Заглавие и сведения об ответственности 1_
a Заглавие Трудные годы (1876-1880)
b Общее обозначение материала Текст
f Первые сведения об ответственности А. Д. Градовский
g Последующие сведения об ответственности сост., авт. вступ. ст. и коммент. С. С. Секиринский
w Текст (визуальный) : непосредственный
203 Вид содержания и тип средства __
a Вид содержания Текст
b Характеристика содержания визуальный
c Тип средства непосредственный
210 Выходные данные 1_
a Место издания Москва
c Издательство Российская политическая энциклопедия
d Дата издания 2010
215 Физическое описание __
a Объем 566, [1] с.
d Формат 22 см.
225 Серия 0_
a Серия Библиотека отечественной общественной мысли с древнейших времен до начала XX века
333 Примечание о целевом назначении __
a Примечание о целевом назначении 16+
606 Тематические рубрики 0_
a Основная рубрика История политической мысли России
610 Ключевые слова 0_
a Ключевые слова история
a Ключевые слова историки
a Ключевые слова деятели общественные
a Ключевые слова общественно-политическая мысль
a Ключевые слова публицисты
a Ключевые слова либералы
a Ключевые слова история общественной мысли
686 Индексы других классификаций __
a Классификационный индекс 66.1(2)
2 Код системы rubbk
700 Автор _0
a Фамилия Градовский
b Имя (инициалы) Александр Дмитриевич
g Полное личное имя А. Д.
801 Источник записи _0
a Страна RU
b Организация МБУК ЦБС
c Дата составления 20200827
g Правила каталогизации RCR
801 Источник записи _1
a Страна RU
b Организация МБУК ЦБС г. Ульяновска
c Дата составления 20200827
g Правила каталогизации RCR
899 Данные о местонахождении __
i Авторский знак Г 75
j Расстановочный фильтр 66.1(2)
901 Тип документа __
t Тип документа m
910 Корректоры записи __
a Корректор записи Тихонова